[Event "Itzehoe op"]
[Site "Itzehoe"]
[Date "2025.06.01"]
[Round "7"]
[White "Kurschis, Anton"]
[Black "Karlinder, Lovis Neo"]
[Result "1/2-1/2"]
[WhiteElo "1617"]
[BlackElo "1755"]
[PlyCount "85"]
[EventDate "2025.05.29"]
[EventType "swiss"]
[EventRounds "7"]
[EventCountry "GER"]
[SourceTitle "CB23_2025"]
[SourceDate "2025.06.04"]
[SourceVersion "1"]
[SourceVersionDate "2025.06.04"]
[SourceQuality "1"]

1. d4 d5 2. c4 c6 3. Nc3 Nf6 4. cxd5 cxd5 5. Bf4 Nc6 6. Nf3 a6 7. e3 Bg4 8. Be2 e6 9. a3 Bd6 10. Bxd6 Qxd6 11. Nd2 Bxe2 12. Qxe2 Na5 13. b4 Qc6 14. Rc1 Nc4 15. Nxc4 dxc4 16. 0-0 0-0 17. Rc2 b5 18. Rb1 Ra7 19. Rcb2 Rc8 20. Qc2 Qd6 21. a4 Qb6 22. a5 Qd6 23. h3 Re7 24. f4 Qc6 25. Re1 Rd8 26. Rbb1 Qd6 27. Rb2 Nd5 28. Nxd5 exd5 29. Qc3 Rde8 30. Rbe2 Qg6 31. Rd2 Qg3 32. Rde2 Re4 33. Kh1 R8e6 34. Qc1 Rg6 35. Qd2 Qh4 36. Qc1 Rg3 37. Qd2 h6 38. Qc2 g5 39. fxg5 Qxg5 40. Qd2 Qe7 41. Kh2 Rg6 42. Rf1 Rge6 43. Rf3 1/2-1/2

[Event "Itzehoe op 3rd"]
[Site "Itzehoe"]
[Date "2024.05.10"]
[Round "3"]
[White "Karlinder, Lovis Neo"]
[Black "Wartenberg, Alissa"]
[Result "0-1"]
[WhiteElo "1648"]
[BlackElo "1820"]
[PlyCount "110"]
[EventDate "2024.05.09"]
[EventType "swiss"]
[EventRounds "7"]
[EventCountry "GER"]
[SourceTitle "CBM 220 Extra"]
[Source "ChessBase"]
[SourceDate "2024.07.31"]
[SourceVersion "1"]
[SourceVersionDate "2024.07.31"]
[SourceQuality "1"]

1. e4 c5 2. Nf3 e6 3. c4 Nc6 4. Nc3 d6 5. d4 cxd4 6. Nxd4 Nf6 7. Be2 Be7 8. 0-0 0-0 9. Be3 Qc7 10. Qd2 Rd8 11. Rfd1 a6 12. Rac1 Bd7 13. f3 Nxd4 14. Bxd4 Bc6 15. Qe3 Nd7 16. Qf2 Bf6 17. Qg3 Bxd4+ 18. Rxd4 Qb6 19. Qf2 Qxb2 20. Qe1 Qb6 21. Qf2 Nf6 22. Rcd1 Qa5 23. Qe3 Qc5 24. e5 Ne8 25. f4 dxe5 26. fxe5 Rxd4 27. Qxd4 Qxd4+ 28. Rxd4 Kf8 29. Kf2 Ke7 30. Bf3 Rc8 31. Ke3 Bxf3 32. gxf3 Rc5 33. f4 f6 34. Ke4 b5 35. exf6+ gxf6 36. Kd3 Nd6 37. cxb5 Rxc3+ 38. Kxc3 Nxb5+ 39. Kd3 Nxd4 40. Kxd4 Kd6 41. h4 h5 42. a3 Kc6 43. Kc4 e5 44. fxe5 fxe5 45. Kd3 Kd5 46. Ke3 a5 47. Kd3 a4 48. Ke3 Kc4 49. Ke4 Kb3 50. Kxe5 Kxa3 51. Kf5 Kb3 52. Kg5 a3 53. Kxh5 a2 54. Kg6 a1Q 55. h5 Qh8 0-1

[Event "Itzehoe op 3rd"]
[Site "Itzehoe"]
[Date "2024.05.09"]
[Round "1"]
[White "Karlinder, Lovis Neo"]
[Black "Ploog, Martin"]
[Result "0-1"]
[WhiteElo "1648"]
[BlackElo "1998"]
[PlyCount "50"]
[EventDate "2024.05.09"]
[EventType "swiss"]
[EventRounds "7"]
[EventCountry "GER"]
[SourceTitle "CBM 220 Extra"]
[Source "ChessBase"]
[SourceDate "2024.07.31"]
[SourceVersion "1"]
[SourceVersionDate "2024.07.31"]
[SourceQuality "1"]

1. e4 c5 2. Nf3 Nc6 3. Bb5 Nf6 4. Nc3 g6 5. d4 cxd4 6. Nxd4 Bg7 7. Be3 0-0 8. 0-0 Ng4 9. Qxg4 Nxd4 10. Ba4 d5 11. Qd1 dxe4 12. Nxe4 Nf5 13. Bc1 Qa5 14. Bb3 Nd4 15. c3 Nxb3 16. Qxb3 b6 17. Be3 Bb7 18. Qc2 f5 19. Nd2 f4 20. Nb3 Qg5 21. f3 fxe3 22. Qe2 e5 23. Rad1 Rad8 24. Rde1 Bh6 25. Na1 Rd2 0-1

[Event "Reykjavik op"]
[Site "Reykjavik"]
[Date "2024.03.18"]
[Round "6"]
[White "Karlinder, Lovis Neo"]
[Black "Haraldsson, Haraldur"]
[Result "1/2-1/2"]
[WhiteElo "1642"]
[BlackElo "1991"]
[PlyCount "58"]
[EventDate "2024.03.15"]
[EventType "swiss"]
[EventRounds "9"]
[EventCountry "ISL"]
[SourceTitle "CBM 219 Extra"]
[Source "ChessBase"]
[SourceDate "2024.05.31"]
[SourceVersion "1"]
[SourceVersionDate "2024.05.31"]
[SourceQuality "1"]

1. e4 c5 2. c3 e6 3. d4 d5 4. exd5 Qxd5 5. Nf3 Nc6 6. Na3 Bd7 7. Nb5 Rc8 8. Be3 cxd4 9. Nbxd4 Bc5 10. Nxc6 Bxc6 11. Bxc5 Qxc5 12. Qd4 Qxd4 13. Nxd4 a6 14. f4 Nf6 15. Be2 Rc7 16. Bf3 h5 17. 0-0-0 0-0 18. Rhe1 Rfc8 19. Kb1 g6 20. Re3 Kf8 21. Red3 Ke7 22. g3 Be8 23. Bh1 Nd7 24. Nf3 Nc5 25. R3d2 Bc6 26. Ne5 Bxh1 27. Rxh1 Rd8 28. Rxd8 Kxd8 29. Rd1+ Ke7 1/2-1/2